Title in the Lyrics -- Songs That Start With F #2 - Statistics

General Stats
  • This quiz has been taken 437 times
  • The average score is 6 of 15
Answer Stats
Lyrics Title % Correct
This is my _____ ____ / Take back my life song Fight Song
84%
I keep on ______ / In and out of love / With you Fallin'
79%
See you driving 'round town / With the girl I love and I'm like / ______ ___ Forget You
69%
___ __ __ ___ ____ / Let me play among the stars / Let me see what spring is like / On a-Jupiter and Mars Fly Me to the Moon
57%
Tuesday's gray and Wednesday too / Thursday I don't care about you / It's ______ __ __ ____ Friday I'm in Love
52%
Oh I want to get away / I want to ___ ____ / Yeah, yeah, yeah Fly Away
51%
There was something in the air that night / The stars were bright, ________ / They were shining there for you and me / For liberty, ________ Fernando
43%
Somebody call 911! / Shawty ____ _______ on the dance floor Fire Burning
36%
Now I'm ____ ____ _______ from wildin' / And we got three more days 'til Friday / I'm just tryna make it back home by Monday mornin' FourFiveSeconds
31%
And she'll have ___ ___ ___ / Till her daddy takes the t-bird away Fun, Fun, Fun
24%
I ____ __ _____ to you right now, It's a force field / I wear my heart upon my sleeve, like a big deal Feel So Close
20%
'Cause ___ ___ _____ ____ __ _______ / There'll be music, there'll be light / ___ ___ _____ ____ __ _______ / I'll be dancing through the night For the First Time in Forever
19%
I want to ___ ____ __ _____ / To the Sea / ___ ____ __ _____ / Let my spirit carry me Fly Like an Eagle
13%
____, makes a man take things over / ____, let's him loose, hard to swallow Fame
9%
___ ____ __ __ ____ I have someone who needs me / Someone I've needed so long For Once in my Life
8%
No matching quizzes found
Score Distribution
Percent of People with Each Score
Percentile by Number Answered
Your Score History
You have not taken this quiz